LEADER 01210nam0 2200265 i 450 001 SUN0065234 005 20080822120000.0 010 $a88-8086-386-x 100 $a20080730d2001 |0itac50 ba 101 $aita 102 $aIT 105 $a||||Z 1|||| 200 1 $aˆLe ‰parole della scienza$escritture tecniche e scientifiche in volgare, secoli 13.-15.$eatti del Convegno, Lecce, 16-18 aprile 1999$fa cura di Riccardo Gualdo 210 $aGalatina$cCongedo$d2001 215 $a386 p.$d25 cm. 410 1$1001SUN0065235$12001 $aPubblicazioni del Dipartimento di filologia linguistica e letteratura dell'Università di Lecce$v17$1210 $a[S.l.$cs.n.]. 620 $dGalatina$3SUNL000112 702 1$aGualdo$b, Riccardo$3SUNV051871 712 $aCongedo$3SUNV000434$4650 801 $aIT$bSOL$c20181109$gRICA 912 $aSUN0065234 950 $aUFFICIO DI BIBLIOTECA DEL DIPARTIMENTO DI LETTERE E BENI CULTURALI$d07 CONS D Lecce 1994 $e07 18410 995 $aUFFICIO DI BIBLIOTECA DEL DIPARTIMENTO DI LETTERE E BENI CULTURALI$bIT-CE0103$h18410$kCONS D Lecce 1994$oc$qa 996 $aParole della scienza$9540547 997 $aUNICAMPANIA